Statistics for Islands by Country #2

Click here to take the quiz!

General Stats

  • This quiz has been taken 28,878 times
  • The average score is 13 of 21

Answer Stats

IslandCountry% Correct
Hong KongChina
100%
VeniceItaly
99%
ManhattanUnited States
96%
NewfoundlandCanada
91%
HokkaidoJapan
89%
MajorcaSpain
84%
BaliIndonesia
80%
RhodesGreece
79%
PhuketThailand
75%
North IslandNew Zealand
68%
Mainland OrkneyUnited Kingdom
64%
ZanzibarTanzania
62%
GotlandSweden
58%
TahitiFrance
53%
MindanaoPhilippines
43%
ZealandDenmark
42%
CuraçaoNetherlands
42%
SakhalinRussia
38%
TerceiraPortugal
33%
SyltGermany
20%
DjerbaTunisia
19%

Score Distribution

Percentile by Number Answered

Percent of People with Each Score

Your Score History

You have not taken this quiz